00539pam a2200157 a 4500020000500000041000500005082001500010245009200025250001000117260002600127300001700153700002600170930000800196999001900204952015800223 c h a745.4bEVA aExploring The Elements Of DesignbExploring The Elements Of DesignhTextual Documents a2004. aAmericabThomson Book a206:bpaper. aEvans / Mark Thomas. a576 c234366d234366 001040708Text BooksaFAPbFAPd2004-05-25eChandrakant Book Distributors Mumbaig717.00l0o745.4 EVApFAP-576r2023-03-07 00:00:00t1w2023-03-07yBK